000
00213nam a22000857a 4500
008
160625b xxu||||| |||| 00| 0 eng d
100
_9
1121
_a
Uchida, Y
245
_a
The Full Circle
260
_a
N.Y
_b
Friendship Press
_c
1957
999
_c
905
_d
905